İstanbul Metrosu İstasyonları - Armageddon - Statistics

General Stats
  • This quiz has been taken 236 times
  • The average score is 11 of 30
Answers on the Grid
Answers color-coded by a green-red scale on the quiz's grid according to % correct below.
Aksaray
Batıkent
Kasaplar Meydanı
Parseller
Fulya
Çalıkuşu
Bostancı
Kuyubaşı
Haliç
Uğur Mumcu
Acıbadem
Şişhane
Kağıthane
Gökdere
Çağlayan
Şirinyer
Basmane
Nilüfer
Ayrılık Çeşmesi
Dikmen Vadisi
Ulus
Vilayet
Halkapınar
Levent
Hürriyet
Söğütözü
Çarşı
Hilal
Zafertepe
Sancaktepe
Kadıköy
Aşık Veysel
Mavi Bulvar
Göztepe
Kirazlı
Üsküdar
Tavşantepe
Soğanlık
Darıca Sahil
Taksim
Çimenlik
Mutlukent
Yenibosna
Etiler
Tulumba
Mevlana
Kabataş
Yıldız
Muğdat
Vezneciler
Abidin Paşa
Mesa
Üçyol
Poligon
Kartal
Mimar Sinan
Kurtuluş
Bilkent
Pendik
Zeytinburnu
 
Answer Stats
Answer % Correct
Bostancı
55%
Haliç
55%
Ayrılık Çeşmesi
53%
Kağıthane
52%
Üsküdar
49%
Acıbadem
48%
Kadıköy
48%
Aksaray
45%
Pendik
44%
Göztepe
43%
Çağlayan
40%
Kartal
40%
Şişhane
40%
Taksim
40%
Levent
39%
Sancaktepe
38%
Zeytinburnu
37%
Fulya
34%
Tavşantepe
34%
Vezneciler
32%
Parseller
31%
Etiler
30%
Yenibosna
30%
Kirazlı
29%
Kabataş
25%
Yıldız
25%
Soğanlık
23%
Çarşı
18%
Mimar Sinan
13%
Mevlana
6%
No matching quizzes found
Score Distribution
Percent of People with Each Score
Percentile by Number Answered
Your Score History
You have not taken this quiz